000 00772nam a2200253Ia 4500
003 OSt
005 20221005102010.0
006 a|||||r|||| 00| 0
007 ta
008 221004b |||||||| |||| 00| 0 san d
020 _a8187415991 (hbk)
_c300
024 _a14755
037 _b147, 28/10/2014, Eastern Book Linkers
_cTextual
040 _aCRL
_cCRL
_bsan
041 _2san
_asan
082 _aDelta2:864xDVA,1, 152Q1
100 _aVaraha Mihir
_9183051
245 0 _aBrahat samita
260 _aVaranasi
_bBhartiya Vidhya Sansthan India
_c2011
300 _a684p.
_ccm.
650 _aSPIRITUALISM
942 _hDelta2:864xDVA,1, 152Q1
_cTEXL
_2cc
999 _c1007690
_d1007690